| 000 | 00504nam a2200193Ia 4500 | ||
|---|---|---|---|
| 003 | GCL | ||
| 008 | 140319s9999 xx 000 0 eng d | ||
| 040 |
_aGCL / _cGCL |
||
| 082 | 0 | 4 |
_a895.6 _bK H |
| 100 | 1 | _aKATO, SHIUCHI | |
| 245 | 1 | 0 |
_aHISTOIRE DE LA LITTERATUER JAPANAISE / _cKATO, SHIUCHI |
| 700 | 1 | _aSAUNDERS, E. DALE | |
| 260 |
_a[S.N] : _bFAYERD ET IENTERTEXTES ، _c1985 |
||
| 300 | _a378 | ||
| 650 | 0 | 4 | _aLITERATURE |
| 650 | 0 | 4 | _aJAPAN - LITERATURE |
| 650 | 0 | 4 | _aLITERACY |
| 942 |
_2ddc _cBK |
||
| 999 |
_c25406 _d25406 |
||